000
00192 a2200097 4500
001
12209
100
_a
Younas Butt
245
_a
Shetanian
260
_a
_b
Sang-e-Meel
_c
090
_c
9425
_d
9425
942
_a
NUST-CAE
_c
M
_c
36295
999
_c
247282
_d
247282